| 000 | 00663nam a22001937a 4500 | ||
|---|---|---|---|
| 005 | 20230704135711.0 | ||
| 040 | _curs | ||
| 050 | _aQA 107 S26 1997 | ||
| 100 |
_9395 _aSantos, Rosita De Guzman., _eauthor. |
||
| 245 |
_aBasic mathematics for college students _cRosita De Guzman-Santos, Pacita Reyes-Soriano, Marites Fadriquela-Rodenas |
||
| 260 |
_aManila _bCentro Escolar University _c1997 |
||
| 336 |
_2rdacontent _atext _btxt |
||
| 337 |
_2rdamedia _aunmediated _bn |
||
| 338 |
_2rdacarrier _avolume _bnc |
||
| 650 | 0 |
_99 _aMathematics. |
|
| 700 |
_93012 _aSoriano, Pacita Reyes- _eauthor |
||
| 700 |
_93013 _aRodenas, Marites Fadriquela- _eauthor |
||
| 942 |
_2lcc _cF |
||
| 999 |
_c69493 _d69492 |
||